| 000 | 00442cam a2200181ua 4500 | ||
|---|---|---|---|
| 001 | 2841 | ||
| 008 | 131128n II |||gr||||Z||||||asm | ||
| 040 | _aMAIN | ||
| 041 | _aEnglish | ||
| 082 | _a350 PAL | ||
| 100 | _aPAL,KRIPESH. | ||
| 245 | _aLOKA PRASHAN PARICHAY | ||
| 260 |
_a[s.l]: _bARUN PRAKASHAN, _c2004. |
||
| 300 |
_a548: _c22CM. |
||
| 653 | _aPublic administration & military science | ||
| 700 | _aNAYAK, PRATUL CH. | ||
| 942 | _cBK | ||
| 999 |
_c2835 _d2835 |
||